[Event "GER-chT U14"]
[Site "Kelheim"]
[Date "2022.12.29"]
[Round "5"]
[White "Da Costa Silva, Pepe"]
[Black "Mueller, Maximilian3333"]
[Result "1-0"]
[WhiteElo "1103"]
[BlackElo "1089"]
[PlyCount "125"]
[EventDate "2022.12.26"]
[EventType "team-swiss"]
[EventRounds "7"]
[EventCountry "GER"]
[SourceTitle "CBM 212 Extra"]
[Source "ChessBase"]
[SourceDate "2023.03.31"]
[SourceVersion "1"]
[SourceVersionDate "2023.03.31"]
[SourceQuality "1"]
[WhiteTeam "Plauen Koenig"]
[BlackTeam "Karlsruhe"]
[WhiteTeamCountry "GER"]
[BlackTeamCountry "GER"]

1. e4 e5 2. Nf3 Nf6 3. Nxe5 Nc6 4. Nxc6 dxc6 5. Nc3 Bc5 6. f3 0-0 7. b3 Re8 8. Bb2 Be6 9. Ne2 Bb6 10. d4 Qe7 11. Qd2 Rad8 12. 0-0-0 Bc5 13. Qe3 Bb4 14. Nf4 Bf5 15. Qf2 Bd7 16. Bc4 b5 17. Bd3 Bc8 18. Qh4 h6 19. e5 Nd5 20. Qxe7 Nxe7 21. c3 Ba5 22. Rhe1 Nf5 23. Bxf5 Bxf5 24. g4 Bh7 25. b4 Bb6 26. Rd2 a6 27. Rde2 f6 28. exf6 Rxe2 29. Rxe2 gxf6 30. Re6 Kf7 31. Rxc6 Rd6 32. Rxd6 cxd6 33. Kd2 Ke7 34. Nd5+ Ke6 35. Nxb6 Bg6 36. Ke3 f5 37. Kf4 fxg4 38. fxg4 Bf7 39. h4 Bg6 40. d5+ Ke7 41. h5 Be8 42. Kf5 Kf7 43. Bc1 Bd7+ 44. Nxd7 Kg7 45. Ke6 Kg8 46. Bxh6 Kh8 47. Bc1 Kg7 48. Kxd6 Kf7 49. h6 Kg6 50. Ke7 Kh7 51. Nb6 a5 52. d6 a4 53. d7 a3 54. d8R Kg6 55. Rd5 Kh7 56. Rd6 Kg8 57. Kf6 Kh7 58. g5 Kg8 59. Bd2 Kh7 60. Be1 Kg8 61. Rd8+ Kh7 62. g6+ Kxh6 63. Rh8# 1-0

[Event "GER-chT U14"]
[Site "Kelheim"]
[Date "2022.12.27"]
[Round "1"]
[White "Da Costa Silva, Pepe"]
[Black "Lange, Tobias1111"]
[Result "0-1"]
[WhiteElo "1103"]
[BlackElo "1472"]
[PlyCount "84"]
[EventDate "2022.12.26"]
[EventType "team-swiss"]
[EventRounds "7"]
[EventCountry "GER"]
[SourceTitle "CBM 212 Extra"]
[Source "ChessBase"]
[SourceDate "2023.03.31"]
[SourceVersion "1"]
[SourceVersionDate "2023.03.31"]
[SourceQuality "1"]
[WhiteTeam "Plauen Koenig"]
[BlackTeam "Garching"]
[WhiteTeamCountry "GER"]
[BlackTeamCountry "GER"]

1. e4 e5 2. Nf3 Nf6 3. Nxe5 d6 4. Nf3 Nxe4 5. Nc3 Nxc3 6. dxc3 Bf5 7. Be3 d5 8. Qd2 c6 9. 0-0-0 Nd7 10. Bd3 Bxd3 11. Qxd3 Qc7 12. g3 Bd6 13. Bg5 f6 14. Rhe1+ Kf7 15. Be3 Ne5 16. Nxe5+ Bxe5 17. Bd4 Rae8 18. Rd2 Bxd4 19. Rxe8 Rxe8 20. cxd4 Re1+ 21. Rd1 Qe7 22. Kd2 Qb4+ 23. Kc1 Qa5 24. Qb3 b6 25. c3 Re2 26. Rd2 Qa6 27. a3 Re1+ 28. Rd1 Qe2 29. Qc2 Rxd1+ 30. Qxd1 Qxf2 31. Qh5+ Ke7 32. Qxh7 Qe1+ 33. Kc2 Qe4+ 34. Qxe4+ dxe4 35. Kd2 f5 36. Ke3 Kf6 37. Kf4 g5+ 38. Ke3 g4 39. Kf4 Ke6 40. c4 b5 41. cxb5 cxb5 42. b4 Kd5 0-1